<?xml version="1.0" encoding="UTF-8"?><?xml-stylesheet type="text/xsl" href="static/style.xsl"?><OAI-PMH xmlns="http://www.openarchives.org/OAI/2.0/" xmlns:xsi="http://www.w3.org/2001/XMLSchema-instance" xsi:schemaLocation="http://www.openarchives.org/OAI/2.0/ http://www.openarchives.org/OAI/2.0/OAI-PMH.xsd"><responseDate>2026-04-29T17:51:02Z</responseDate><request verb="GetRecord" identifier="oai:riubu.ubu.es:10259/4303" metadataPrefix="marc">https://riubu.ubu.es/oai/request</request><GetRecord><record><header><identifier>oai:riubu.ubu.es:10259/4303</identifier><datestamp>2022-04-29T12:02:45Z</datestamp><setSpec>com_10259_5827</setSpec><setSpec>com_10259_5086</setSpec><setSpec>com_10259_2604</setSpec><setSpec>col_10259_5828</setSpec></header><metadata><record xmlns="http://www.loc.gov/MARC21/slim" xmlns:doc="http://www.lyncode.com/xoai" xmlns:xsi="http://www.w3.org/2001/XMLSchema-instance" xmlns:dcterms="http://purl.org/dc/terms/" xsi:schemaLocation="http://www.loc.gov/MARC21/slim http://www.loc.gov/standards/marcxml/schema/MARC21slim.xsd">
<leader>00925njm 22002777a 4500</leader>
<datafield tag="042" ind1=" " ind2=" ">
<subfield code="a">dc</subfield>
</datafield>
<datafield tag="720" ind1=" " ind2=" ">
<subfield code="a">García Lomillo, Javier</subfield>
<subfield code="e">author</subfield>
</datafield>
<datafield tag="720" ind1=" " ind2=" ">
<subfield code="a">González San José, Mª Luisa</subfield>
<subfield code="e">author</subfield>
</datafield>
<datafield tag="720" ind1=" " ind2=" ">
<subfield code="a">Skibsted, Leif H.</subfield>
<subfield code="e">author</subfield>
</datafield>
<datafield tag="720" ind1=" " ind2=" ">
<subfield code="a">Jongberg, Sisse</subfield>
<subfield code="e">author</subfield>
</datafield>
<datafield tag="260" ind1=" " ind2=" ">
<subfield code="c">2016-03</subfield>
</datafield>
<datafield tag="520" ind1=" " ind2=" ">
<subfield code="a">Meat storage in high oxygen atmosphere has been&#xd;
reported to induce protein oxidation reactions decreasing meat&#xd;
quality. The incorporation of antioxidants has been proposed&#xd;
to reduce the extent of these reactions. In this study, the ability&#xd;
of red and white skin wine pomaces as well as sulfites to&#xd;
inhibit protein oxidation were tested in beef patties stored for&#xd;
up to 15 days at 4 °C in a high oxygen atmosphere (70 % O2&#xd;
and 30 % CO2). SO2 (300 ppm) effectively protected against&#xd;
protein oxidation measured as radical formation by electron&#xd;
spin resonance (ESR) spectroscopy, as thiol loss by the DTNB&#xd;
assay and as myosin heavy chain (MHC) disulfide crosslinking&#xd;
by SDS-PAGE. Pomace from red wine production&#xd;
with a total phenol of 9.9 mg gallic acid equivalent/g protected&#xd;
against protein radical formation and against MHC crosslinking,&#xd;
but not against thiol loss by addition of 2.0 % (w/w)&#xd;
to the beef patties. Pomace from white wine production with a&#xd;
total phenol of 4.0 mg gallic acid equivalent/g only protected&#xd;
against MHC cross-linking. For both types of wine pomace,&#xd;
protein modifications not seen for sulfite addition were observed&#xd;
and were proposed to involve covalent phenol addition&#xd;
to proteins. Red wine pomace may be an alternative to sulfite&#xd;
as a meat additive for protection of beef patties against protein&#xd;
oxidation.</subfield>
</datafield>
<datafield tag="024" ind2=" " ind1="8">
<subfield code="a">http://hdl.handle.net/10259/4303</subfield>
</datafield>
<datafield ind1=" " ind2=" " tag="653">
<subfield code="a">Beef patties</subfield>
</datafield>
<datafield ind1=" " ind2=" " tag="653">
<subfield code="a">Protein oxidation</subfield>
</datafield>
<datafield ind1=" " ind2=" " tag="653">
<subfield code="a">Protein radicals</subfield>
</datafield>
<datafield ind1=" " ind2=" " tag="653">
<subfield code="a">Sulfite</subfield>
</datafield>
<datafield ind1=" " ind2=" " tag="653">
<subfield code="a">Wine pomace</subfield>
</datafield>
<datafield ind1=" " ind2=" " tag="653">
<subfield code="a">Protein cross-linking</subfield>
</datafield>
<datafield tag="245" ind1="0" ind2="0">
<subfield code="a">Effect of Skin Wine Pomace and Sulfite on Protein Oxidation in Beef Patties During High Oxygen Atmosphere Storage</subfield>
</datafield>
</record></metadata></record></GetRecord></OAI-PMH>